Najmniej znane państa na świecie - Statystyki

Ogólne statystyki
  • Ten quiz został rozwiązany 65 razy
  • Średni wynik to 5 z 10
Statystyki odpowiedzi
Hint Odpowiedź % Poprawnych
5 Tuvalu
73%
2 Nauru
71%
10 Mikronezja
65%
6 Saint Kitts i Nevis
63%
4 Tonga
63%
1 Kiribati
61%
9 Fidżi
53%
3 Timor Wschodni
51%
8 Dżibuti
29%
7 Wyspy Świętego Tomasza i Księżyca
8%
Nie znaleziono quizów pasujących do podanych kryteriów
Rozkład punktacji
Procent ludzi z każdym wynikiem
Percentyl według liczby udzielonych odpowiedzi
Twoja historia wyników
Nie rozwiązałeś tego quizu